[Event "ODJM C 2019"]
[Site "Willingen GER"]
[Date "2019.06.11"]
[Round "4"]
[White "Strübel, Tobias"]
[Black "Mylke, Sandy-Michelle"]
[Result "1-0"]
[Termination "normal"]
[Board "1"]
[WhiteElo "1337"]
[BlackElo "1238"]
[WhiteClock "00:38:19"]
[BlackClock "00:59:14"]
[PlyCount "55"]
[WhiteFideId "16284860"]
[BlackFideId "16235045"]
[EventCountry "GER"]
[EventRounds "9"]
[EventType "swiss"]
[EventDate "2019.06.08"]

1. e4 {[%clk 1:30:57]} 1... g6 {[%clk 1:30:47]} 2. d4 {[%clk 1:31:10]} 2... Bg7
{[%clk 1:30:58]} 3. Nc3 {[%clk 1:31:29]} 3... d5 {[%clk 1:31:02]} 4. exd5 {
[%clk 1:31:50]} 4... Nf6 {[%clk 1:31:14]} 5. Bc4 {[%clk 1:32:08]} 5... Nbd7 {
[%clk 1:31:26]} 6. Nf3 {[%clk 1:32:18]} 6... O-O {[%clk 1:31:27]} 7. O-O {
[%clk 1:32:33]} 7... Nb6 {[%clk 1:31:31]} 8. Bb3 {[%clk 1:32:57]} 8... Nbxd5 {
[%clk 1:30:36]} 9. Nxd5 {[%clk 1:33:08]} 9... Nxd5 {[%clk 1:30:49]} 10. h3 {
[%clk 1:33:19]} 10... Nf6 {[%clk 1:24:24]} 11. Re1 {[%clk 1:30:54]} 11... b6 {
[%clk 1:20:23]} 12. Qe2 {[%clk 1:29:24]} 12... Re8 {[%clk 1:20:45]} 13. Ng5 {
[%clk 1:29:37]} 13... e6 {[%clk 1:21:05]} 14. c3 {[%clk 1:28:28]} 14... Qd7 {
[%clk 1:16:07]} 15. Qf3 {[%clk 1:19:37]} 15... c6 {[%clk 1:13:24]} 16. Ne4 {
[%clk 1:17:17]} 16... Nxe4 {[%clk 1:11:39]} 17. Qxe4 {[%clk 1:16:52]} 17... Bb7
{[%clk 1:11:05]} 18. Qe3 {[%clk 1:02:50]} 18... Qd6 {[%clk 1:08:52]} 19. Qf4 {
[%clk 0:55:33]} 19... Qe7 {[%clk 1:07:33]} 20. Bd2 {[%clk 0:53:46]} 20... Rad8
{[%clk 1:06:53]} 21. Rad1 {[%clk 0:53:30]} 21... e5 {[%clk 1:04:46]} 22. dxe5 {
[%clk 0:52:20]} 22... Bxe5 {[%clk 1:05:07]} 23. Rxe5 {[%clk 0:39:59]} 23...
Qxe5 {[%clk 1:02:47]} 24. Qxf7+ {[%clk 0:40:19]} 24... Kh8 {[%clk 1:02:52]} 25.
Re1 {[%clk 0:39:43]} 25... Re7 {[%clk 1:01:02]} 26. Qxe7 {[%clk 0:38:45]} 26...
Qxe7 {[%clk 1:01:21]} 27. Rxe7 {[%clk 0:39:06]} 27... Ba6 {[%clk 0:59:14]} 28.
Bf4 {[%clk 0:38:19]} 1-0

[Event "ODJM C 2019"]
[Site "Willingen GER"]
[Date "2019.06.11"]
[Round "4"]
[White "Apel, Linus"]
[Black "Foos, Vanessa"]
[Result "0-1"]
[Termination "normal"]
[Board "2"]
[WhiteElo "1410"]
[BlackElo "1207"]
[WhiteClock "00:17:15"]
[BlackClock "00:51:32"]
[PlyCount "104"]
[WhiteFideId "16265785"]
[BlackFideId "16245270"]
[EventCountry "GER"]
[EventRounds "9"]
[EventType "swiss"]
[EventDate "2019.06.08"]

1. e4 {[%clk 1:30:58]} 1... d6 {[%clk 1:30:54]} 2. d4 {[%clk 1:30:54]} 2... Nf6
{[%clk 1:31:12]} 3. Nc3 {[%clk 1:31:16]} 3... g6 {[%clk 1:31:26]} 4. Nf3 {
[%clk 1:31:32]} 4... Bg7 {[%clk 1:31:47]} 5. Be3 {[%clk 1:31:54]} 5... O-O {
[%clk 1:31:58]} 6. Qd2 {[%clk 1:32:05]} 6... Nbd7 {[%clk 1:31:07]} 7. Bh6 {
[%clk 1:31:43]} 7... e5 {[%clk 1:30:20]} 8. h4 {[%clk 1:28:38]} 8... exd4 {
[%clk 1:30:27]} 9. Nxd4 {[%clk 1:28:44]} 9... Re8 {[%clk 1:28:50]} 10. O-O-O {
[%clk 1:05:12]} 10... Nxe4 {[%clk 1:26:57]} 11. Nxe4 {[%clk 1:04:58]} 11...
Rxe4 {[%clk 1:27:18]} 12. Nf3 {[%clk 1:03:19]} 12... Qf6 {[%clk 1:20:43]} 13.
c3 {[%clk 1:01:56]} 13... Bxh6 {[%clk 1:15:27]} 14. Qxh6 {[%clk 1:02:10]} 14...
Qf4+ {[%clk 1:15:43]} 15. Qxf4 {[%clk 1:02:13]} 15... Rxf4 {[%clk 1:15:59]} 16.
Rd2 {[%clk 0:56:19]} 16... Nf6 {[%clk 1:14:24]} 17. Nd4 {[%clk 0:55:20]} 17...
Ne4 {[%clk 1:13:06]} 18. Re2 {[%clk 0:53:15]} 18... f5 {[%clk 1:11:57]} 19. Nf3
19... Nc5 {[%clk 1:06:20]} 20. Re7 {[%clk 0:41:33]} 20... c6 {[%clk 1:06:10]}
21. Be2 {[%clk 0:39:59]} 21... Re4 {[%clk 1:05:36]} 22. Rxe4 {[%clk 0:38:54]}
22... Nxe4 {[%clk 1:04:02]} 23. Rf1 {[%clk 0:38:42]} 23... Bd7 {[%clk 1:02:13]}
24. Bd3 {[%clk 0:35:47]} 24... Re8 {[%clk 1:01:52]} 25. Bxe4 {[%clk 0:31:25]}
25... Rxe4 {[%clk 1:01:49]} 26. g3 {[%clk 0:31:29]} 26... f4 {[%clk 1:01:45]}
27. Kd2 {[%clk 0:26:17]} 27... fxg3 {[%clk 1:00:21]} 28. fxg3 {[%clk 0:26:42]}
28... Bg4 {[%clk 0:55:17]} 29. b3 {[%clk 0:19:57]} 29... Re7 {[%clk 0:54:15]}
30. Rf2 {[%clk 0:18:39]} 30... Rf7 {[%clk 0:53:52]} 31. Ke3 {[%clk 0:18:17]}
31... Rxf3+ {[%clk 0:53:56]} 32. Rxf3 {[%clk 0:18:20]} 32... Bxf3 { [%clk
0:54:19]} 33. Kxf3 {[%clk 0:18:43]} 33... Kf7 {[%clk 0:54:42]} 34. Ke4 { [%clk
0:18:40]} 34... Ke6 {[%clk 0:55:05]} 35. b4 {[%clk 0:18:23]} 35... h6 { [%clk
0:54:29]} 36. g4 {[%clk 0:18:33]} 36... d5+ {[%clk 0:54:32]} 37. Kf4 { [%clk
0:18:53]} 37... b6 {[%clk 0:53:49]} 38. a4 {[%clk 0:18:44]} 38... a6 { [%clk
0:50:56]} 39. Ke3 {[%clk 0:16:28]} 39... Ke5 {[%clk 0:50:37]} 40. Kf3 { [%clk
0:16:46]} 40... g5 {[%clk 0:50:58]} 41. h5 {[%clk 0:16:57]} 41... d4 { [%clk
0:50:54]} 42. c4 {[%clk 0:16:58]} 42... b5 {[%clk 0:49:33]} 43. axb5 { [%clk
0:16:32]} 43... axb5 {[%clk 0:49:46]} 44. cxb5 {[%clk 0:16:06]} 44... cxb5
{[%clk 0:50:06]} 45. Ke2 {[%clk 0:16:21]} 45... Ke4 {[%clk 0:50:09]} 46. Kd2
{[%clk 0:16:37]} 46... d3 {[%clk 0:50:16]} 47. Kd1 {[%clk 0:16:54]} 47... Kd4
{[%clk 0:50:33]} 48. Kd2 {[%clk 0:16:53]} 48... Ke4 {[%clk 0:50:38]} 49. Kd1
{[%clk 0:16:49]} 49... Kd4 {[%clk 0:50:32]} 50. Kd2 {[%clk 0:16:58]} 50... Kc4
{[%clk 0:51:00]} 51. Ke3 {[%clk 0:16:54]} 51... Kc3 {[%clk 0:51:24]} 52. Ke4
{[%clk 0:17:15]} 52... d2 {[%clk 0:51:32]} 0-1

[Event "ODJM C 2019"]
[Site "Willingen GER"]
[Date "2019.06.11"]
[Round "4"]
[White "Fröhlich, Niklas"]
[Black "Fink, Anton"]
[Result "0-1"]
[Termination "normal"]
[Board "3"]
[WhiteElo "1261"]
[BlackElo "1478"]
[WhiteClock "01:04:23"]
[BlackClock "01:07:40"]
[PlyCount "54"]
[WhiteFideId "16245016"]
[BlackFideId "16235703"]
[EventCountry "GER"]
[EventRounds "9"]
[EventType "swiss"]
[EventDate "2019.06.08"]

1. e4 {[%clk 1:30:59]} 1... e5 {[%clk 1:31:00]} 2. Nf3 {[%clk 1:31:21]} 2...
Nc6 {[%clk 1:31:26]} 3. Bc4 {[%clk 1:31:46]} 3... Bc5 {[%clk 1:31:52]} 4. c3 {
[%clk 1:32:10]} 4... Nf6 {[%clk 1:32:17]} 5. d4 {[%clk 1:32:34]} 5... exd4 {
[%clk 1:32:29]} 6. cxd4 {[%clk 1:32:49]} 6... Bb4+ {[%clk 1:32:57]} 7. Nc3 {
[%clk 1:33:05]} 7... Nxe4 {[%clk 1:33:02]} 8. O-O {[%clk 1:33:21]} 8... Bxc3 {
[%clk 1:33:26]} 9. d5 {[%clk 1:33:41]} 9... Bf6 {[%clk 1:33:19]} 10. Re1 {
[%clk 1:33:02]} 10... Ne7 {[%clk 1:32:56]} 11. Rxe4 {[%clk 1:33:24]} 11... d6 {
[%clk 1:32:59]} 12. Bg5 {[%clk 1:30:52]} 12... Bxg5 {[%clk 1:32:43]} 13. Nxg5 {
[%clk 1:31:12]} 13... h6 {[%clk 1:32:39]} 14. Qh5 {[%clk 1:29:54]} 14... O-O {
[%clk 1:32:28]} 15. Bd3 {[%clk 1:25:29]} 15... Bf5 {[%clk 1:24:23]} 16. Rf4 {
[%clk 1:17:32]} 16... Bxd3 {[%clk 1:21:07]} 17. Nxf7 {[%clk 1:15:44]} 17... Bg6
{[%clk 1:17:47]} 18. Nxd8 {[%clk 1:09:28]} 18... Bxh5 {[%clk 1:16:55]} 19.
Rxf8+ {[%clk 1:09:28]} 19... Kxf8 {[%clk 1:16:58]} 20. Ne6+ {[%clk 1:09:52]}
20... Kg8 {[%clk 1:15:00]} 21. Re1 {[%clk 1:05:56]} 21... Nxd5 {[%clk 1:12:56]}
22. Re4 {[%clk 1:04:25]} 22... c5 {[%clk 1:11:13]} 23. a3 {[%clk 1:04:04]}
23... Bf7 {[%clk 1:09:26]} 24. Nf4 {[%clk 1:03:37]} 24... Nxf4 {[%clk 1:09:04]}
25. Rxf4 {[%clk 1:04:00]} 25... Re8 {[%clk 1:09:04]} 26. g3 {[%clk 1:04:11]}
26... Bd5 {[%clk 1:08:40]} 27. f3 {[%clk 1:04:23]} 27... Re2 {[%clk 1:07:40]}
0-1

[Event "ODJM C 2019"]
[Site "Willingen GER"]
[Date "2019.06.11"]
[Round "4"]
[White "Grimm, Nicola Marie"]
[Black "Welker, Alexandra"]
[Result "1/2-1/2"]
[Termination "normal"]
[Board "4"]
[WhiteElo "1459"]
[BlackElo "1342"]
[WhiteClock "01:04:47"]
[BlackClock "00:55:35"]
[PlyCount "57"]
[WhiteFideId "12988987"]
[BlackFideId "16265360"]
[EventCountry "GER"]
[EventRounds "9"]
[EventType "swiss"]
[EventDate "2019.06.08"]

1. d4 {[%clk 1:30:57]} 1... d5 {[%clk 1:30:55]} 2. Bf4 {[%clk 1:31:20]} 2... c6
{[%clk 1:31:16]} 3. c3 {[%clk 1:31:26]} 3... Nf6 {[%clk 1:31:18]} 4. Nf3 {
[%clk 1:31:16]} 4... Nbd7 {[%clk 1:31:00]} 5. e3 {[%clk 1:31:05]} 5... e6 {
[%clk 1:30:58]} 6. Bd3 {[%clk 1:29:06]} 6... Be7 {[%clk 1:31:15]} 7. Nbd2 {
[%clk 1:29:00]} 7... Nf8 {[%clk 1:30:37]} 8. Qc2 {[%clk 1:28:44]} 8... Ng6 {
[%clk 1:30:52]} 9. Bg3 {[%clk 1:28:28]} 9... O-O {[%clk 1:29:35]} 10. Ne5 {
[%clk 1:27:12]} 10... Bd6 {[%clk 1:22:47]} 11. Nef3 {[%clk 1:26:05]} 11... Re8
{[%clk 1:18:59]} 12. O-O {[%clk 1:24:49]} 12... Bxg3 {[%clk 1:16:48]} 13. hxg3
{[%clk 1:24:04]} 13... Nd7 {[%clk 1:14:17]} 14. c4 {[%clk 1:22:35]} 14... e5 {
[%clk 1:12:17]} 15. dxe5 {[%clk 1:18:28]} 15... Ndxe5 {[%clk 1:12:30]} 16. Nxe5
{[%clk 1:18:04]} 16... Rxe5 {[%clk 1:12:41]} 17. Nf3 {[%clk 1:17:17]} 17... Rh5
{[%clk 1:10:56]} 18. Rfd1 {[%clk 1:15:33]} 18... Bg4 {[%clk 1:10:09]} 19. Be2 {
[%clk 1:15:22]} 19... Ne5 {[%clk 1:03:32]} 20. Nxe5 {[%clk 1:12:58]} 20... Bxe2
{[%clk 1:03:42]} 21. Qxe2 {[%clk 1:13:03]} 21... Rxe5 {[%clk 1:04:07]} 22. Rd4
{[%clk 1:12:05]} 22... Qb6 {[%clk 1:02:42]} 23. Qc2 {[%clk 1:09:46]} 23... Rae8
{[%clk 1:01:01]} 24. Rad1 {[%clk 1:09:13]} 24... Qa5 {[%clk 0:59:40]} 25. Qb3 {
[%clk 1:06:57]} 25... dxc4 {[%clk 0:56:51]} 26. Qxc4 {[%clk 1:05:32]} 26... Qc5
{[%clk 0:54:54]} 27. Qxc5 {[%clk 1:05:25]} 27... Rxc5 {[%clk 0:55:17]} 28. Rd8
{[%clk 1:05:49]} 28... Kf8 {[%clk 0:55:35]} 29. R8d7 {[%clk 1:04:47]} 1/2-1/2

[Event "ODJM C 2019"]
[Site "Willingen GER"]
[Date "2019.06.11"]
[Round "4"]
[White "Wechtenbruch, Jamie"]
[Black "Sinka, Silas"]
[Result "0-1"]
[Termination "normal"]
[Board "5"]
[WhiteElo "1371"]
[BlackElo "1292"]
[WhiteClock "00:52:07"]
[BlackClock "01:36:14"]
[PlyCount "121"]
[WhiteFideId "16267737"]
[BlackFideId "16265823"]
[EventCountry "GER"]
[EventRounds "9"]
[EventType "swiss"]
[EventDate "2019.06.08"]

1. e4 e6 2. d4 d5 3. Nc3 Nf6 4. e5 Nfd7 5. f4 c5 6. Nf3 Nc6 7. Be3 a6 8. dxc5
Bxc5 9. Bxc5 Nxc5 10. Nd4 Bd7 11. a3 Qb6 12. Nxc6 Bxc6 13. Rb1 Rd8 14. Qd4 Na4
15. Qxb6 Nxb6 16. Bd3 Nc4 17. Bxc4 dxc4 18. O-O Rd2 19. Rf2 Rxf2 20. Kxf2 Ke7
21. Rd1 Rd8 22. Rxd8 Kxd8 23. g3 Kc7 24. Ke3 Kb6 25. Kd4 Bb5 26. Nxb5 Kxb5 27.
b3 cxb3 28. cxb3 Kc6 29. g4 Kb5 30. f5 Kc6 31. Ke4 g6 32. fxg6 fxg6 33. g5 Kc5
34. h3 b5 35. h4 a5 36. Kd3 Kd5 37. Kc3 Kxe5 38. a4 bxa4 39. bxa4 Kd5 40. Kd3
e5 41. Ke3 e4 42. Ke2 Ke5 43. Ke3 Kf5 44. Kf2 Kf4 45. Ke2 e3 46. Ke1 Kg4 47.
Ke2 Kxh4 48. Kxe3 Kxg5 49. Kf3 Kf5 50. Kg3 h5 51. Kh4 g5+ 52. Kg3 h4+ 53. Kh3
g4+ 54. Kg2 Kf4 55. Kf2 g3+ 56. Kg2 h3+ 57. Kf1 Kf3 58. Kg1 g2 59. Kh2 Kf2 60.
Kxh3 g1=Q 61. Kh4 0-1

[Event "ODJM C 2019"]
[Site "Willingen GER"]
[Date "2019.06.11"]
[Round "4"]
[White "Navarro Jahnke, Eric"]
[Black "Racky, Selina"]
[Result "1-0"]
[Termination "normal"]
[Board "6"]
[WhiteElo "1259"]
[BlackElo "1037"]
[WhiteClock "00:08:14"]
[BlackClock "01:05:12"]
[PlyCount "167"]
[WhiteFideId "16234138"]
[BlackFideId "16239440"]
[EventCountry "GER"]
[EventRounds "9"]
[EventType "swiss"]
[EventDate "2019.06.08"]

1. d4 {[%clk 1:30:57]} 1... d5 {[%clk 1:31:00]} 2. e3 {[%clk 1:31:19]} 2... Bf5
{[%clk 1:31:21]} 3. c4 {[%clk 1:30:55]} 3... c6 {[%clk 1:31:38]} 4. Nc3 { [%clk
1:30:57]} 4... e6 {[%clk 1:32:02]} 5. Bd2 {[%clk 1:30:49]} 5... Nf6 { [%clk
1:31:24]} 6. Be2 {[%clk 1:28:33]} 6... Be7 {[%clk 1:30:12]} 7. f4 { [%clk
1:27:22]} 7... Nbd7 {[%clk 1:28:10]} 8. Nf3 {[%clk 1:26:43]} 8... O-O { [%clk
1:26:30]} 9. O-O {[%clk 1:26:15]} 9... Ne4 {[%clk 1:21:57]} 10. Nxe4 { [%clk
1:25:15]} 10... Bxe4 {[%clk 1:22:14]} 11. Ne5 {[%clk 1:24:44]} 11... f6 { [%clk
1:19:14]} 12. Nf3 {[%clk 1:23:49]} 12... Qc7 {[%clk 1:17:36]} 13. Qb3 { [%clk
1:21:26]} 13... f5 {[%clk 1:16:06]} 14. Rac1 {[%clk 1:18:37]} 14... Nf6 { [%clk
1:14:48]} 15. Bd3 {[%clk 1:17:07]} 15... Qd7 {[%clk 1:13:42]} 16. Ne5 { [%clk
1:16:59]} 16... Qd8 {[%clk 1:12:31]} 17. Qxb7 {[%clk 1:03:26]} 17... Rb8 {[%clk
1:11:21]} 18. Qxa7 {[%clk 1:00:44]} 18... Bxd3 {[%clk 1:10:23]} 19. Nxc6 {[%clk
0:57:10]} 19... Ra8 {[%clk 1:10:30]} 20. Qxe7 {[%clk 0:53:20]} 20... Qxe7
{[%clk 1:10:27]} 21. Nxe7+ {[%clk 0:52:07]} 21... Kh8 22. Rfe1 { [%clk
0:49:43]} 22... dxc4 {[%clk 1:10:44]} 23. Bb4 {[%clk 0:48:34]} 23... Rf7 {[%clk
1:09:00]} 24. Red1 {[%clk 0:46:58]} 24... Nd5 {[%clk 1:08:45]} 25. Nxd5 {[%clk
0:45:40]} 25... exd5 {[%clk 1:07:04]} 26. Kf2 {[%clk 0:41:58]} 26... Rf6 {[%clk
1:05:26]} 27. h3 {[%clk 0:40:36]} 27... Rg6 {[%clk 1:03:31]} 28. g3 { [%clk
0:37:02]} 28... Be4 {[%clk 1:02:34]} 29. a3 {[%clk 0:35:12]} 29... h5 { [%clk
1:02:37]} 30. Rg1 {[%clk 0:34:22]} 30... Rh6 {[%clk 1:01:19]} 31. Be7 { [%clk
0:30:19]} 31... Rb8 {[%clk 1:00:36]} 32. Bb4 {[%clk 0:30:08]} 32... Rg8 { [%clk
1:00:00]} 33. Ra1 {[%clk 0:29:41]} 33... g5 {[%clk 0:59:32]} 34. Be7 { [%clk
0:27:47]} 34... g4 {[%clk 0:58:38]} 35. h4 {[%clk 0:27:08]} 35... Ra6 { [%clk
0:58:12]} 36. Rgc1 {[%clk 0:25:22]} 36... Rb8 {[%clk 0:57:46]} 37. Bb4 { [%clk
0:24:30]} 37... Bc2 {[%clk 0:57:10]} 38. Rxc2 {[%clk 0:20:12]} 38... Rxb4
{[%clk 0:57:34]} 39. Rac1 {[%clk 0:18:34]} 39... Rb3 {[%clk 0:57:27]} 40. Ke2 {
[%clk 0:17:10]} 40... Re6 {[%clk 0:56:42]} 41. Rc3 {[%clk 0:10:23]} 41... Rxb2+
{[%clk 0:57:05]} 42. R1c2 {[%clk 0:10:48]} 42... Rb3 43. Rxb3 {[%clk 0:08:28]}
43... cxb3 {[%clk 0:56:55]} 44. Rb2 {[%clk 0:08:52]} 44... Rb6 {[%clk 0:57:15]}
45. Kd3 {[%clk 0:08:53]} 45... Kg7 {[%clk 0:57:25]} 46. a4 {[%clk 0:08:24]}
46... Ra6 {[%clk 0:57:25]} 47. Kc3 {[%clk 0:07:58]} 47... Rxa4 {[%clk 0:57:35]}
48. Rxb3 {[%clk 0:07:59]} 48... Kf6 {[%clk 0:57:41]} 49. Kb2 {[%clk 0:07:39]}
49... Ke6 {[%clk 0:56:57]} 50. Rb6+ {[%clk 0:07:29]} 50... Kd7 {[%clk 0:57:10]}
51. Rf6 {[%clk 0:07:15]} 51... Rb4+ {[%clk 0:57:22]} 52. Kc3 {[%clk 0:07:04]}
52... Rb1 {[%clk 0:57:37]} 53. Rxf5 {[%clk 0:07:13]} 53... Kc6 {[%clk 0:57:44]}
54. Rxh5 {[%clk 0:07:27]} 54... Rg1 {[%clk 0:57:50]} 55. f5 {[%clk 0:05:54]}
55... Rxg3 {[%clk 0:57:55]} 56. Kd3 {[%clk 0:05:42]} 56... Rf3 {[%clk 0:57:58]}
57. Rg5 {[%clk 0:05:48]} 57... g3 {[%clk 0:58:15]} 58. h5 {[%clk 0:05:58]}
58... Kd6 {[%clk 0:58:30]} 59. h6 {[%clk 0:05:46]} 59... g2 {[%clk 0:58:40]}
60. Rxg2 {[%clk 0:05:22]} 60... Rh3 {[%clk 0:58:55]} 61. Rg6+ {[%clk 0:05:01]}
61... Ke7 {[%clk 0:59:11]} 62. Re6+ {[%clk 0:02:53]} 62... Kf7 {[%clk 0:59:29]}
63. Rd6 {[%clk 0:02:49]} 63... Rh5 {[%clk 0:59:06]} 64. Rd7+ {[%clk 0:02:42]}
64... Kg8 {[%clk 0:59:20]} 65. h7+ {[%clk 0:02:44]} 65... Rxh7 {[%clk 0:59:34]}
66. Rxh7 {[%clk 0:03:07]} 66... Kxh7 {[%clk 1:00:00]} 67. e4 {[%clk 0:03:29]}
67... dxe4+ {[%clk 1:00:04]} 68. Kxe4 {[%clk 0:03:54]} 68... Kg7 { [%clk
1:00:30]} 69. d5 {[%clk 0:04:13]} 69... Kf7 {[%clk 1:00:52]} 70. Ke5 { [%clk
0:04:28]} 70... Ke7 {[%clk 1:01:10]} 71. f6+ {[%clk 0:04:36]} 71... Ke8 { [%clk
1:01:29]} 72. Ke6 {[%clk 0:04:44]} 72... Kf8 {[%clk 1:01:47]} 73. f7 { [%clk
0:05:04]} 73... Kg7 {[%clk 1:02:12]} 74. Ke7 {[%clk 0:05:25]} 74... Kg6 { [%clk
1:02:35]} 75. f8=Q {[%clk 0:05:47]} 75... Kh7 {[%clk 1:02:58]} 76. Qf5+ { [%clk
0:05:53]} 76... Kh6 {[%clk 1:03:12]} 77. Qf1 {[%clk 0:06:14]} 77... Kg5 { [%clk
1:03:31]} 78. d6 {[%clk 0:06:36]} 78... Kg6 {[%clk 1:03:53]} 79. d7 { [%clk
0:06:54]} 79... Kg5 {[%clk 1:04:13]} 80. d8=Q 80... Kg6 {[%clk 1:04:07]} 81.
Qf6+ {[%clk 0:07:37]} 81... Kh5 {[%clk 1:04:25]} 82. Qdh8+ {[%clk 0:07:51]}
82... Kg4 {[%clk 1:04:45]} 83. Qhg7+ {[%clk 0:08:14]} 83... Kh3 {[%clk 1:05:12]
} 84. Qfh6# {[%clk 0:08:14]} 1-0

[Event "ODJM C 2019"]
[Site "Willingen GER"]
[Date "2019.06.11"]
[Round "4"]
[White "Reger, Christoph"]
[Black "Reyher, Bastian"]
[Result "1/2-1/2"]
[Termination "normal"]
[Board "8"]
[WhiteElo "1169"]
[BlackElo "1137"]
[PlyCount "60"]
[WhiteFideId "16287606"]
[BlackFideId "12927465"]
[EventCountry "GER"]
[EventRounds "9"]
[EventType "swiss"]
[EventDate "2019.06.08"]

1. e4 e5 2. Nf3 Nc6 3. Bc4 Bc5 4. d3 Nf6 5. Be3 Bb6 6. O-O d6 7. Nc3 Bg4 8. Bg5
h6 9. h3 Bh5 10. Bh4 Nd4 11. g4 Nxf3+ 12. Qxf3 g5 13. Nd5 Nxd5 14. Bxd5 c6 15.
gxh5 cxd5 16. Bg3 d4 17. Kg2 Qd7 18. Qf6 Rh7 19. Qf5 Qxf5 20. exf5 f6 21. Rfe1
O-O-O 22. f3 Rg8 23. c4 Rc7 24. b4 Kb8 25. Rac1 Rgg7 26. a4 a5 27. b5 Bc5 28.
Re2 Ba3 29. Rb1 b6 30. Ra2 Bc5 1/2-1/2

[Event "ODJM C 2019"]
[Site "Willingen GER"]
[Date "2019.06.11"]
[Round "4"]
[White "Gerdes, Jesko"]
[Black "Arnold, Rubina"]
[Result "0-1"]
[Termination "normal"]
[Board "9"]
[WhiteElo "1106"]
[BlackElo "1329"]
[PlyCount "50"]
[WhiteFideId "16273699"]
[BlackFideId "16276272"]
[EventCountry "GER"]
[EventRounds "9"]
[EventType "swiss"]
[EventDate "2019.06.08"]

1. d4 Nf6 2. g3 d5 3. Nf3 Nc6 4. Bg2 Bf5 5. O-O e6 6. Bf4 Bd6 7. Bxd6 Qxd6 8.
c3 O-O 9. Nbd2 e5 10. Nb3 b6 11. Qd2 a5 12. a4 e4 13. Nh4 Bg4 14. f3 Bh5 15.
Nf5 Qe6 16. Qg5 Bg6 17. Nh4 h6 18. Qf4 Rac8 19. Nxg6 fxg6 20. Qe3 Rce8 21. fxe4
dxe4 22. Nd2 Ne7 23. Nxe4 Nxe4 24. Bxe4 Nf5 25. Rxf5 gxf5 0-1

[Event "ODJM C 2019"]
[Site "Willingen GER"]
[Date "2019.06.11"]
[Round "4"]
[White "Zhang, Yibo"]
[Black "Tenbosch, Till Theo"]
[Result "0-1"]
[Termination "normal"]
[Board "10"]
[WhiteElo "1302"]
[BlackElo "1085"]
[PlyCount "106"]
[WhiteFideId "16287657"]
[BlackFideId "16255461"]
[EventCountry "GER"]
[EventRounds "9"]
[EventType "swiss"]
[EventDate "2019.06.08"]

1. e4 d5 2. exd5 Qxd5 3. Nc3 Qa5 4. d4 Bf5 5. Bc4 e6 6. Nf3 Nf6 7. O-O c6 8.
Re1 Be7 9. Bd2 Nbd7 10. Nd5 Qd8 11. Nxe7 Qxe7 12. Nh4 Bg6 13. f4 Nd5 14. f5
Qxh4 15. Bxd5 Qxd4+ 16. Kh1 Qxd5 17. fxg6 hxg6 18. Bc3 Nf6 19. Qxd5 cxd5 20.
Rf1 Ke7 21. Rad1 a5 22. Rd4 Ne4 23. Rd3 Rhc8 24. Rdf3 f6 25. h3 Nxc3 26. bxc3
Rc5 27. Re1 Rac8 28. Rfe3 R8c6 29. Rg3 Rxc3 30. Rxg6 Kf7 31. Rg4 Rxc2 32. Ra4
b6 33. Kh2 R6c4 34. Ra3 R2c3 35. Re3 Rxa3 36. Rxa3 Rc2 37. Kg3 d4 38. Kf3 Rc3+
39. Rxc3 dxc3 40. Ke2 b5 41. Kd3 b4 42. Kc2 e5 43. Kd3 Ke6 44. Ke2 Kd5 45. Kd3
e4+ 46. Ke3 a4 47. Ke2 Kd4 48. Ke1 Kd3 49. Kd1 e3 50. g3 c2+ 51. Kc1 Kc3 52. a3
e2 53. axb4 e1=Q# 0-1

[Event "ODJM C 2019"]
[Site "Willingen GER"]
[Date "2019.06.11"]
[Round "4"]
[White "Keuper, David"]
[Black "Hornstein, Leonhard Orell"]
[Result "0-1"]
[Termination "normal"]
[Board "12"]
[WhiteElo "1075"]
[BlackElo "1346"]
[PlyCount "100"]
[WhiteFideId "16287568"]
[BlackFideId "16254643"]
[EventCountry "GER"]
[EventRounds "9"]
[EventType "swiss"]
[EventDate "2019.06.08"]

1. e4 c5 2. Nc3 e6 3. f4 d5 4. exd5 exd5 5. Nf3 Nf6 6. d4 a6 7. g3 Nc6 8. Be3
Qe7 9. Ne5 Nxe5 10. fxe5 Ng4 11. Qe2 Nxe3 12. Qxe3 Be6 13. Bg2 Rd8 14. O-O-O c4
15. Bf3 b5 16. a3 g6 17. Qe2 Qc7 18. Qg2 Qb7 19. Rhe1 Be7 20. h4 h5 21. Ne2 O-O
22. Nf4 Qc6 23. c3 Kg7 24. Rf1 a5 25. Kd2 b4 26. Rb1 b3 27. g4 hxg4 28. Bxg4
Bxh4 29. Nxe6+ fxe6 30. Bh5 Qe8 31. Rg1 Rf2+ 32. Qxf2 Bxf2 33. Rxg6+ Qxg6 34.
Bxg6 Kxg6 35. Rf1 Bh4 36. Rg1+ Bg5+ 37. Ke2 Rh8 38. Rg2 Kf5 39. Rf2+ Bf4 40.
Rf1 Rh2+ 41. Ke1 Rxb2 42. Rf3 Ra2 43. Rxf4+ Kxf4 44. Kd1 Rh2 45. Kc1 Ke3 46.
Kb1 Kd3 47. a4 Kxc3 48. Ka1 b2+ 49. Ka2 Rh1 50. Ka3 Ra1# 0-1

[Event "ODJM C 2019"]
[Site "Willingen GER"]
[Date "2019.06.11"]
[Round "4"]
[White "Malinowsky, Celina"]
[Black "Wilmink, Luca"]
[Result "1-0"]
[Termination "normal"]
[Board "13"]
[WhiteElo "1109"]
[BlackElo "1283"]
[PlyCount "125"]
[WhiteFideId "16266986"]
[BlackFideId "16245253"]
[EventCountry "GER"]
[EventRounds "9"]
[EventType "swiss"]
[EventDate "2019.06.08"]

1. e4 c5 2. Nf3 Nc6 3. Bc4 g6 4. d3 Bg7 5. Nc3 d6 6. Be3 Nf6 7. Qd2 a6 8. a3 b5
9. Ba2 b4 10. Ne2 bxa3 11. bxa3 Rb8 12. O-O O-O 13. Rab1 Rxb1 14. Rxb1 e6 15.
Bh6 d5 16. Bxg7 Kxg7 17. e5 Nd7 18. d4 cxd4 19. Nexd4 Ncxe5 20. Nxe5 Nxe5 21.
Qc3 Qf6 22. Nc6 Nxc6 23. Qxc6 Qe5 24. g3 Rd8 25. Qb6 Qd6 26. Qxd6 Rxd6 27. Rb8
Rc6 28. Bb3 Rc5 29. a4 Kf6 30. Kg2 Ke5 31. Kf3 Kd4 32. Kf4 e5+ 33. Kf3 h5 34.
Rb6 a5 35. Ke2 Be6 36. Kd2 Ke4 37. Ke2 Bg4+ 38. Ke1 Kf3 39. Rb5 Rxb5 40. axb5
Bd7 41. Bxd5+ Kg4 42. b6 a4 43. b7 a3 44. b8=Q Be6 45. Bxe6+ fxe6 46. Qb4+ Kf5
47. Qxa3 g5 48. Qf3+ Kg6 49. Qe4+ Kf6 50. c4 Ke7 51. Qxe5 Kd7 52. Qxg5 Kd6 53.
Qxh5 Kc6 54. Qe5 Kd7 55. Kd2 Ke7 56. Ke3 Kd7 57. Kd4 Ke7 58. Kc5 Kd7 59. Qd6+
Kc8 60. Qxe6+ Kd8 61. Qf7 Kc8 62. Kc6 Kb8 63. Qb7# 1-0

[Event "ODJM C 2019"]
[Site "Willingen GER"]
[Date "2019.06.11"]
[Round "4"]
[White "Moldovan, Tudor"]
[Black "Frank, Cillian"]
[Result "1-0"]
[Termination "normal"]
[Board "14"]
[WhiteElo "1030"]
[BlackElo "1309"]
[PlyCount "35"]
[WhiteFideId "16288203"]
[BlackFideId "16245202"]
[EventCountry "GER"]
[EventRounds "9"]
[EventType "swiss"]
[EventDate "2019.06.08"]

1. e4 e5 2. Nf3 f5 3. Nxe5 Qf6 4. d4 d6 5. Nc4 fxe4 6. Nc3 Qg6 7. g3 Bg4 8. Be2
Bxe2 9. Qxe2 Nf6 10. Bf4 Nc6 11. O-O-O O-O-O 12. Qe3 Qf5 13. d5 Ne7 14. Qxa7
Nexd5 15. Nxd5 Nxd5 16. Qa5 Ne7 17. Qa8+ Kd7 18. Qxb7 1-0